1840 1938 1787 1170 1147 1642 1587 1199 1451 1642 1580 1447 1415 1121 1232 1335 1427 1322 1980 1822 1012 1607 1286 1892 1325 1420 1064 1092 1585 1210 1294 1889 1818 1936 1704 1924 1220 1316 1336 1244 1742 1567 1531 1285 1873 1934 1039 1889 1033 1654 1582 1454 1108 1309 1979 1106 1218 1525 1333 1865 1305 1373 1621 1201 1087 1392 1433 1471 1618 1987 1334 1316 1767 1302 1651 1306 1966 1300 1942 1240 1356 1698 1480 1331 1950 1694 1410 1837 1850 1277 1305 1457 1263 1857 1258 1234 1730 1404 1100 BCNSPRNW ULIB Ver.6.0+V

เปลี่ยนเป็นภาษาไทย

Change to English
 แสดงรายละเอียดบรรณานุกรม
  กลับหน้าหลัก

Brief Record : Get Marc (ISO 2709) : E-mail record : QR code < ปิดหน้าต่าง
LEADER : 00000nam 2200000uu 4500
001    13399109483
003     ULIB
008    110403s2546||||th 000 0 tha d
020    9746443542
060 04 WB115^bม166ม 2546
245 00 Management of common diseases in medicine March 19-21,2003 /^cบรรณาธิการ, วิไลวรรณ วิริยะไชโย
250    พิมพ์ครั้งที่ 1
260    [สงขลา] :^bคณะแพทยศาสตร์ มหาวิทยาลัยสงขลานครินทร์,^c2546
300    196 หน้า :^bภาพประกอบ ;^c30 ซม.
650  7 การรักษาโรค
650  7 อายุรศาสตร์^vรวมเรื่อง
700 0  วิไลวรรณ วิริยะไชโย,^eบรรณาธิการ
710 2  มหาวิทยาลัยสงขลานครินทร์. ^bคณะแพทยศาสตร์
945    ^p250^l0^i017116
945    ^p250^l0^i016927
995    ทศพร
999 ^a ใช้งานได้ทุกระบบ
รายการนี้ยังไม่มีแท็ก
คุณยังไม่ได้ล็อกอิน คุณสามารถมีกิจกรรมร่วมกับเว็บไซต์ได้ แต่ต้องล็อกอินก่อน ::
  ล็อกอิน

รายการสื่อสารสนเทศ

ลำดับที่ ประเภท เลขเรียก/บาร์โค้ด สถานที่ สถานะ
- ไม่พบข้อมูล -

รายการใกล้เคียง
    หัวเรื่อง [การรักษาโรค]

BibComment


ยังไม่เคยถูกคอมเมนท์

คอมเมนท์ทรัพยากรรายการนี้
  คอมเมนท์: Management of com..


 Copyright 2026. Bcnsprnw @Library